|
|
|
|
| LEADER |
00000cam a2200000 a 4500 |
| 001 |
vtls010579422 |
| 003 |
SK-MaSNL |
| 005 |
20260426005609.0 |
| 007 |
co bg auuua |
| 008 |
160429s2012 xo | fsd 000 0 eng |
| 015 |
|
|
|a SNBS2015
|
| 020 |
|
|
|a 9788022333214 (elektronická kniha)
|
| 040 |
|
|
|a SNK
|b slo
|c SNK
|e AACR2
|
| 041 |
0 |
|
|a eng
|a slo
|
| 044 |
|
|
|a xo
|c SK
|
| 072 |
|
7 |
|a 61
|x Lekárske vedy. Medicína
|2 konspekt
|
| 072 |
|
7 |
|a 81
|x Lingvistika. Jazyky
|2 konspekt
|
| 080 |
|
|
|a 811.111
|2 2001
|
| 080 |
|
|
|a 811.162.4
|2 2001
|
| 080 |
|
|
|a 81'373.46
|2 2001
|
| 080 |
|
|
|a 61:796
|2 2001
|
| 080 |
|
|
|a (038)81
|2 2001
|
| 080 |
|
|
|a (0.034.44)
|2 2001
|
| 245 |
0 |
0 |
|a Sports medicine English-Slovak and Slovak-English Dictionary
|h elektronický zdroj
|c zostavovateľ: Peter Mačura
|
| 246 |
3 |
0 |
|a English-Slovak and Slovak-English Dictionary
|
| 250 |
|
|
|a 1. vyd.
|
| 260 |
|
|
|a V Bratislave
|b Univerzita Komenského, Fakulta telesnej výchovy a športu
|c 2012
|
| 300 |
|
|
|a 1 elektronický optický disk (CD-ROM)
|c 12 cm
|
| 500 |
|
|
|a Názov z titulnej obrazovky
|
| 516 |
|
|
|a Textový dokument (slovník), súbor vo formáte pdf
|
| 536 |
|
|
|a Projektu č. 076UK-4/2012 KEGA Integrácia a diverzifikácia výučby anglického jazyka na fakultách slovenských vysokých škôl pripravujúcich odborníkov v športe
|
| 538 |
|
|
|a Technické požiadavky: PDF prehliadač
|
| 650 |
0 |
7 |
|a športová medicína
|2 SNKPH
|9 247169
|
| 650 |
0 |
7 |
|a odborná terminológia
|2 SNKPH
|9 3616
|
| 650 |
0 |
7 |
|a angličtina
|2 SNKPH
|9 1260
|
| 650 |
0 |
7 |
|a slovenčina
|2 SNKPH
|9 1350
|
| 650 |
0 |
7 |
|a Sports medicine
|2 SNKPHeng
|9 402629
|
| 650 |
0 |
7 |
|a Terminology (professional)
|2 SNKPHeng
|9 90966
|
| 650 |
0 |
7 |
|a English language
|2 SNKPHeng
|9 279139
|
| 650 |
0 |
7 |
|a Slovak language
|2 SNKPHeng
|9 266031
|
| 655 |
|
7 |
|a prekladové slovníky
|2 SNKPH
|9 78678
|
| 655 |
|
7 |
|a elektronické zdroje
|2 SNKPH
|9 90954
|
| 655 |
|
7 |
|a CD-ROM
|2 SNKPH
|9 70236
|
| 655 |
|
7 |
|a Translation dictionaries
|2 SNKPHeng
|9 238490
|
| 655 |
|
7 |
|a Electronic resources
|2 SNKPHeng
|9 175546
|
| 700 |
1 |
|
|a Mačura, Peter,
|d 1956-
|4 com
|9 6203
|
| 752 |
|
|
|a Slovensko
|d Bratislava
|
| 852 |
|
|
|a Štátna vedecká knižnica v Banskej Bystrici
|
| 919 |
|
|
|a 978-80-223-3321-4
|
| 999 |
|
|
|c 1012011
|d 1013941
|
| 952 |
|
|
|a SNK
|b SNK
|y PREZ
|7 0
|p 17A1109329
|o snkSCDM 6502
|i snk2014/10541
|8 0
|0 0
|1 0
|4 0
|d 2014-05-02
|l 0
|r 2026-02-24 12:56:50
|w 2026-02-24
|